00957nam a2200253Ia 4500003000900000008004100009040001300050040001300063041000800076100002600084245009100110250000900201260000800210260000900218300001100227300001000238490001800248490000700266600018900273700002200462942000700484999001700491952019500508IT-RoPAU120407s9999 xx 000 0 und d aIT-RoPAU cIT-RoPAU aita aIgnace de La Potterie aLa vita secondo lo spirito, condizione del cristiano. Introduzione di Y. M.-J. Congar. aRoma aAve c1971 a359 p. c22 cm aTeologia oggi v11 a"Tit. orig.: La vie selon l’esprit, condition du chrétien. Trad. T. Federici 2a ed. 1. Cristianesimo I Lyonnet, Stanislas II Federici, Tommaso 230 BNI 73-4502" aStanislas Lyonnet cBK c33361d33361 00102ddc406230_41000000000000071aPAULUSbPAULUSd2012-04-11l0o230.41r2012-04-11 00:00:00w2012-04-11yBKzInserito da: Jole In data: 30 luglio 2011 fondo: Via A.Severo 56 Progr:22639